|
|
|
|
| LEADER |
02041nam a2200445 a 4500 |
| 001 |
000737995 |
| 003 |
CZ BrMZK |
| 005 |
20040930111605.0 |
| 007 |
ta |
| 008 |
040923s2004 xr er 000 0 czeoc |
| 015 |
|
|
|a cnb001325018
|
| 020 |
|
|
|a 80-244-0826-0
|q (brož.)
|
| 035 |
|
|
|a (OCoLC)85110073
|
| 040 |
|
|
|a ABA001
|b cze
|d BOA001
|
| 041 |
0 |
|
|a cze
|a slo
|
| 072 |
|
7 |
|a 78
|x Hudba
|2 Konspekt
|9 9
|
| 080 |
|
|
|a 37.01:78
|2 MRF
|
| 080 |
|
|
|a 37.016:78
|2 MRF
|
| 080 |
|
|
|a (062.534)
|2 MRF
|
| 111 |
2 |
|
|a Hudební pedagogika a výchova - minulost, přítomnost, budoucnost (konference)
|d (2002 :
|c Olomouc, Česko)
|7 olak2004225788
|
| 245 |
1 |
0 |
|a Hudební pedagogika a výchova - minulost, přítomnost, budoucnost :
|b sborník referátů z konference konané v Olomouci ve dnech 21.-22. listopadu 2002 /
|c [Stanislav Tesař, Karel Steinmetz (eds.)]
|
| 250 |
|
|
|a 1. vyd.
|
| 260 |
|
|
|a Olomouc :
|b Univerzita Palackého v Olomouci,
|c 2004
|
| 300 |
|
|
|a 196 s. ;
|c 25 cm
|
| 500 |
|
|
|a Údaje o odpovědnosti převzaty z tiráže
|
| 500 |
|
|
|a Nad názvem: Univerzita Palackého v Olomouci, Filozofická fakulta, Pedagogická fakulta
|
| 504 |
|
|
|a Obsahuje bibliografie a bibliografické odkazy
|
| 521 |
8 |
|
|a Určeno posluchačům oborů hudební pedagogika a muzikologie a odborné veřejnosti
|
| 546 |
|
|
|a Český a slovenský text
|
| 650 |
0 |
7 |
|a hudební pedagogika
|7 ph135173
|2 czenas
|
| 650 |
0 |
7 |
|a hudební výchova
|7 ph120934
|2 czenas
|
| 655 |
|
7 |
|a sborníky konferencí
|7 fd133333
|2 czenas
|
| 700 |
1 |
|
|a Tesař, Stanislav,
|d 1940-
|7 jk01132275
|4 edt
|
| 700 |
1 |
|
|a Steinmetz, Karel,
|d 1945-
|7 jk01121092
|4 edt
|
| 710 |
2 |
|
|a Univerzita Palackého.
|b Filozofická fakulta
|7 kn20010709373
|
| 710 |
2 |
|
|a Univerzita Palackého.
|b Pedagogická fakulta
|7 kn20010709375
|
| 856 |
4 |
1 |
|u http://www.digitalniknihovna.cz/mzk/uuid/uuid:7da7a8a0-55ec-11e4-bc71-005056827e52
|y Digitalizovaný dokument
|x NDK
|
| 910 |
|
|
|a BOA001
|b 3-1140.250
|
| 990 |
|
|
|a BK
|
| 996 |
6 |
|
|b 2610228941
|c 3-1140.250
|l MZK
|r Sklad / do 1 hodiny
|n 9
|p p.v.
|w 000737995
|u 000010
|a 1
|e BOA001
|j MZK50
|s P
|